000 00550nam a2200169Ia 4500
008 090711s9999 xx 000 0 und d
082 _b1586
100 _aजावडेकर शं. द.
245 _aआधुनिक भारत
260 _bकॉन्टीनेन्टल प्रकाशन
_c1994
300 _a608
600 _aजावडेकर शं. द.
630 _aआधुनिक भारत
700 _aजावडेकर शं. द.
730 _aआधुनिक भारत
942 _cBOOK
999 _c325064
_d325064